Central Library OPAC University of Rajshahi

Socio-Economic and Environmental Impacts of Urbanization in Bogra Municipal Area of Bangladesh / (Record no. 79412)

MARC details
000 -LEADER
fixed length control field 00981nam a2200241 a 4500
001 - CONTROL NUMBER
RUCL Control Number 79412
003 - CONTROL NUMBER IDENTIFIER
rucl marc code BD-RjUL
005 - DATE AND TIME OF LATEST TRANSACTION
control field 20220614160150.0
008 - FIXED-LENGTH DATA ELEMENTS--GENERAL INFORMATION
fixed length control field 220217s2006 bg a|||| m||| 00| 0 eng d
035 ## - SYSTEM CONTROL NUMBER
system control number (BD-RjUL)79412
040 ## - CATALOGING SOURCE
Original cataloging agency BD-RjUL
Language of cataloging eng
Modifying agency BD-RjUL
041 ## - LANGUAGE CODE
Language code of Book eng
082 ## - DEWEY DECIMAL CLASSIFICATION NUMBER
DDC Edition number 23
Classification number 307.76095492
Author mark and Year SHS 2006
100 ## - MAIN ENTRY--PERSONAL NAME
Personal name Shaik, Md. Rafiqul Islam
9 (RLIN) 1442
245 10 - TITLE STATEMENT
Title Socio-Economic and Environmental Impacts of Urbanization in Bogra Municipal Area of Bangladesh /
Statement of responsibility, etc By Md. Rafiqul Islam Shaik ;
Name of Supervisor/Co-Supervisor Supervisor : Md. Mohsin Ali
260 ## - PUBLICATION, DISTRIBUTION, ETC. (IMPRINT)
Place of publication, distribution, etc Rajshahi :
Name of publisher, distributor, etc Institute of Environmental Science (IES), University of Rajshahi,
Date of publication, distribution, etc 2006
300 ## - PHYSICAL DESCRIPTION
Pagination xvi, 143 leaves :
Other physical details ill. ;
Dimensions 29cm.
502 ## - DISSERTATION NOTE
Dissertation note Thesis (M.Phil.) -- Institute of Environmental Science (IES), University of Rajshahi,2006
504 ## - BIBLIOGRAPHY, ETC. NOTE
Bibliography, etc Bibliography : leaves [132]-143
650 ## - SUBJECT ADDED ENTRY--TOPICAL TERM
Topical term or geographic name as entry element Urbanization
Geographic subdivision Bangladesh.
-- Bogura Municipal Area
9 (RLIN) 3615
700 ## - ADDED ENTRY--SUPERVISOR/CO-SUPERVISOR NAME
Personal name Ali, Md. Mohsin, Supervisor
9 (RLIN) 1444
942 ## - ADDED ENTRY ELEMENTS (KOHA)
Source of classification or shelving scheme Dewey Decimal Classification
Koha item type Theses
Holdings
Source of classification or shelving scheme Damaged status Not for loan Collection code Permanent Location Current Location Shelving location Date of accession Source of acquisition Full call number Barcode Date last seen Copy number Thesis
Dewey Decimal Classification   Not For Loan Theses Central Library, University of Rajshahi Central Library, University of Rajshahi Documentation Section 19/11/2007 Controller of Exam. R.U. THE 307.76095492 SHS 2006 D2671 17/02/2022 C-1 Theses